000 00709nam a2200217Ii 4500
003 JO-AjNU
008 230605s9999||||xx |||||||||||||| ||und||
017 _a2010/7274
040 _aJO-AjNU
_bara
_erda
_cJO-AjNU
041 _aara
050 1 4 _aJX1995.S5254.2010
100 3 _aشلبي ، صلاح عبد البديع ,
_eauthor
_932421
245 0 0 _aالمنظمات الدولية في القانون الدولي و الفكر الإسلامي
250 _a(د،ط)
264 3 1 _aد ، م : د ، ن ، 2010
300 _a465ص
336 _atext
_btxt
_2rdacontent
337 _aunmediated
_bn
_2rdamedia
338 _avolume
_bnc
_2rdacarrier
650 4 _aالمنظمات الدولية
_932422
999 _aA13087
_c16655
_d16655